000 00271nam a2200121 i 4500
001 bg
245 0 _aJadernyj magnitnyj rezonans :
_bWypusk 4.
260 _aLeningrad,
_c1971.
040 _cBPK
041 _apol
942 _cKS
008 s pl f |000 0 pol
999 _c9167
_d9167
856 _uhttp://koha.tu.koszalin.pl/cgi-bin/koha/opac-detail.pl?biblionumber=9167
_yKatalog online BPK